| 000 | 00762nam a2200217 a 4500 | ||
|---|---|---|---|
| 001 | 000042348 | ||
| 005 | 20201002040109.0 | ||
| 008 | 131127s1996 sp a 000 0 spa d | ||
| 020 | _a8436809238 | ||
| 040 |
_aDO-SdBNP _bspa _cBNPHU |
||
| 082 |
_axxxx _bD568a |
||
| 100 | 1 |
_aDiéz de Castro, José _969417 |
|
| 245 | 1 | 0 |
_aAdministración de empresas : _blibro de actividades casos cuestiones y lecturas / _cJosé Diéz de Castro, Carmen Redondo López. |
| 260 |
_aMadrid : _bPirámide, _c1996. |
||
| 300 |
_a283 p. : _bil. ; _c24 cm. |
||
| 490 | 1 | _aPirámide | |
| 500 | _aIncluye datos biogróficos de los autores en la solapa de la contracubierta | ||
| 590 | _aInventariado, 2019 /LP | ||
| 700 | 1 | 2 |
_aRedondo López, Carmen _969418 |
| 830 | 0 |
_aPirámide _969419 |
|
| 999 |
_c41837 _d41837 |
||